00485nam a2200193Ia 4500003000900000008004100009040001300050040001300063041000800076100001900084245010100103250001200204260001500216260000900231300001100240300001200251490002100263490000700284IT-RoPAU120407s9999 xx 000 0 und d aIT-RoPAU cIT-RoPAU aita aGrazia Deledda aLa Madre. Con introduzione, antologia critica e bibliografia a cura di Vittorio Spinazzola 6 ed. aMilano  aMondadori  c1980 a187 p. c18,5 cm a Oscar narrativa v88